000 00744nam a2200205Ia 4500
999 _c40125
_d40125
001 6731
003 GE_BSU
005 20191217160238.0
008 181216s1970||||ge |||||||||||||| ||geo||
040 _cGE_BSU
041 _ageo
080 _a821.353.1-1 გ-30
100 _aგელაშვილი, ვლადიმერ.
_95841
245 _aლექსები /
_cვლადიმერ გელაშვილი ; რედ. ნიკა აგიაშვილი.
264 _aთბილისი :
_bმერანი,
_c1970.
300 _a78 გვ. ;
_c13 სმ.
653 _aლექსები
700 _aაგიაშვილი, ნიკა
_eრედაქტორი
_95842
942 _cBK
_2udc